000 01687cam a22004094a 4500
003 PE-LiUPU
005 20250731183333.0
008 f
020 _a9788437631462
035 _a(Sirsi) i9788437631462
035 _a(Sirsi) 52007
250 _a1a ed.
035 _a(Sirsi) 52007
082 0 _a720.1
_bM63
100 1 _aMiranda, Antonio
245 1 0 _aArquitectura y verdad :
_bun curso de crítica /
_cAntonio Miranda.
264 1 _aMadrid :
_bCátedra,
_c2013
300 _a298 páginas ;
_c24 cm.
490 0 _aArte grandes temas
504 _aIncluye bibliografía
505 0 _aMaterialismo poético contra ilusión romántica -- Arquitectura: de arte a mercancía ideológica -- Belleza: luz de la verdad construida -- Crítica libre vs. Superstición cómplice -- Doxa y tópico vs. paradoja, teoría y episteme -- Estru
526 _aP158
526 _aP146
526 _aP17
526 _aP12
526 _aP06
650 1 4 _aArquitectura
_xFilosofía.
650 2 4 _aArquitectura
_xEstética.
859 _q69396
910 _agl20131205
942 _2ddc
_cBOOK
949 _i69396
_lCCODEBUL1
_mBUL
_tLIBRO
_o.STAFF. Colección General
596 _a1
999 _a720.1 M63
_wDEWEY
_c5989
_i69396
_d5989
_e2017-5-9
_f2021-11-9
_g7
_lCCODEBUL1
_mBUL
_n7
_p30.00
_r0
_sY
_tBOOK
_u2015-7-6
_xINGENIERIA
_PP06
_0COMPRA
_o.STAFF. Colección General
999 _a720.1 M63
_wDEWEY
_c2
_i74357
_f2021-11-9
_g7
_lCCODEBUL1
_mBUL
_p24.16
_r0
_sY
_tBOOK
_u2016-8-17
_xINGENIERIA
_PP06
_0COMPRA
_o.STAFF. Colección General
980 _81
_gALBERTO SANCHEZ Responsable de Automatización